[Event "Czech Open GM 2020"]
[Site "Pardubice"]
[Date "2020.09.27"]
[Round "8.7"]
[White "Petr, Martin"]
[Black "Szpar, Milosz"]
[Result "1/2-1/2"]
[WhiteElo "2484"]
[BlackElo "2397"]
[Annotator "ChessBase"]
[PlyCount "116"]
[EventDate "2020.09.21"]
[EventCountry "CZE"]
[SourceTitle "playchess.com"]
[Source "ChessBase"]
[SourceQuality "1"]
[TimeControl "40/5400+30:1800+30"]

1. Nf3 {[%emt 0:00:00]} Nf6 {[%emt 0:00:00]} 2. g3 {[%emt 0:00:00]} d5 {[%emt 0:01:05]} 3. Bg2 {[%emt 0:00:00]} g6 {[%emt 0:02:56]} 4. O-O {[%emt 0:01:14]} Bg7 {[%emt 0:00:05]} 5. d4 {[%emt 0:00:18]} O-O {[%emt 0:00:38]} 6. Nbd2 {[%emt 0:00:54]} Bf5 {[%emt 0:05:45]} 7. c4 {[%emt 0:05:43]} c6 {[%emt 0:01:45]} 8. b3 {[%emt 0:00:05]} a5 {[%emt 0:06:18]} 9. e3 {[%emt 0:18:17]} Bd3 {[%emt 0:16:48]} 10. Re1 {[%emt 0:00:05]} Nbd7 {[%emt 0:00:09]} 11. Bb2 {[%emt 0:07:52]} a4 {[%emt 0:04:42]} 12. cxd5 {[%emt 0:01:54]} Nxd5 {[%emt 0:03:33]} 13. bxa4 {[%emt 0:05:10]} Nc5 {[%emt 0:09:11]} 14. Rc1 {[%emt 0:18:17]} Nxa4 {[%emt 0:01:29]} 15. Ba1 {[%emt 0:00:05]} Bb5 {[%emt 0:07:02]} 16. Qb3 {[%emt 0:00:16]} Nab6 {[%emt 0:02:12]} 17. e4 {[%emt 0:02:06]} Nc7 {[%emt 0:01:11]} 18. d5 {[%emt 0:02:06]} Bxa1 {[%emt 0:01:10]} 19. Rxa1 {[%emt 0:00:04]} Qd6 {[%emt 0:01:34]} 20. Qe3 {[%emt 0:03:48]} Nd7 {[%emt 0:06:00]} 21. e5 {[%emt 0:01:07]} Qa3 {[%emt 0:02:19]} 22. Qh6 {[%emt 0:01:06]} f6 {[%emt 0:00:22]} 23. d6 {[%emt 0:07:01]} exd6 {[%emt 0:05:13]} 24. exf6 {[%emt 0:00:05]} Nxf6 {[%emt 0:01:07]} 25. Re7 {[%emt 0:01:34]} Rf7 {[%emt 0:00:38]} 26. Rxf7 {[%emt 0:01:16]} Kxf7 {[%emt 0:00:06]} 27. Ng5+ {[%emt 0:02:07]} Kg8 {[%emt 0:00:42]} 28. Nde4 {[%emt 0:09:08]} Qb2 {[%emt 0:01:56]} 29. Rd1 {[%emt 0:00:15]} Rxa2 {[%emt 0:05:03]} 30. h4 {[%emt 0:05:09]} Ra1 {[%emt 0:02:06]} 31. Nxf6+ {[%emt 0:02:00]} Qxf6 {[%emt 0:00:05]} 32. Qxh7+ {[%emt 0:00:10]} Kf8 {[%emt 0:00:04]} 33. Qxc7 {[%emt 0:00:14]} Rxd1+ {[%emt 0:00:21]} 34. Kh2 {[%emt 0:00:04]} Qe7 {[%emt 0:02:13]} 35. Qc8+ {[%emt 0:02:56]} Kg7 {[%emt 0:01:17]} 36. Qg4 {[%emt 0:01:45]} Re1 {[%emt 0:01:41]} 37. Be4 {[%emt 0:00:37]} Rxe4 {[%emt 0:06:31]} 38. Nxe4 {[%emt 0:00:07]} Bd3 {[%emt 0:00:58]} 39. Ng5 {[%emt 0:00:19]} Bf5 {[%emt 0:00:52]} 40. Qf3 {[%emt 0:00:38]} d5 {[%emt 0:01:21]} 41. Qf4 {[%emt 0:05:37]} c5 {[%emt 0:07:50]} 42. h5 {[%emt 0:02:33]} d4 {[%emt 0:09:42]} 43. g4 {[%emt 0:02:43]} Bd7 {[%emt 0:01:50]} 44. Kg3 {[%emt 0:01:39]} gxh5 {[%emt 0:01:53]} 45. gxh5 {[%emt 0:00:11]} Qf6 {[%emt 0:02:01]} 46. Qxf6+ {[%emt 0:05:38]} Kxf6 {[%emt 0:00:09]} 47. Ne4+ {[%emt 0:00:05]} Kg7 {[%emt 0:02:20]} 48. Nxc5 {[%emt 0:00:06]} Be8 {[%emt 0:00:36]} 49. Ne6+ {[%emt 0:01:23]} Kh6 {[%emt 0:00:47]} 50. Nxd4 {[%emt 0:00:06]} Kxh5 {[%emt 0:01:06]} 51. Kf4 {[%emt 0:00:08]} Kg6 {[%emt 0:01:53]} 52. Ke5 {[%emt 0:00:06]} Kf7 {[%emt 0:01:11]} 53. f4 {[%emt 0:00:06]} b5 {[%emt 0:00:29]} 54. Kd6 {[%emt 0:00:44]} Kf6 {[%emt 0:00:28]} 55. Kc5 {[%emt 0:00:06]} Bd7 {[%emt 0:00:07]} 56. Nxb5 {[%emt 0:00:06]} Bxb5 {[%emt 0:00:04]} 57. Kxb5 {[%emt 0:00:05]} Kf5 {[%emt 0:00:02]} 58. Kc5 {[%emt 0:00:06]} Kxf4 {[%emt 0:00:02]} 1/2-1/2

[Event "Czech Open GM 2020"]
[Site "Pardubice"]
[Date "2020.09.27"]
[Round "8.8"]
[White "Vokac, Marek"]
[Black "Vrolijk, Liam"]
[Result "0-1"]
[WhiteElo "2365"]
[BlackElo "2481"]
[Annotator "ChessBase"]
[PlyCount "110"]
[EventDate "2020.09.21"]
[EventCountry "CZE"]
[SourceTitle "playchess.com"]
[Source "ChessBase"]
[SourceQuality "1"]
[TimeControl "40/5400+30:1800+30"]

1. Nf3 {[%emt 0:00:00]} d5 {[%emt 0:00:21]} 2. g3 {[%emt 0:00:00]} Bg4 {[%emt 0:01:34]} 3. Bg2 {[%emt 0:00:00]} e6 {[%emt 0:01:07]} 4. c4 {[%emt 0:01:51]} c6 {[%emt 0:00:37]} 5. Qb3 {[%emt 0:02:53]} Qb6 {[%emt 0:01:13]} 6. Ne5 {[%emt 0:10:47]} Bh5 {[%emt 0:07:54]} 7. cxd5 {[%emt 0:05:17]} exd5 {[%emt 0:02:27]} 8. Nc3 {[%emt 0:04:45]} Nf6 {[%emt 0:02:28]} 9. d4 {[%emt 0:06:23]} Nbd7 {[%emt 0:07:01]} 10. Nxd7 {[%emt 0:01:07]} Nxd7 {[%emt 0:00:12]} 11. O-O {[%emt 0:06:46]} Bd6 {[%emt 0:05:03]} 12. e4 {[%emt 0:05:46]} Qxb3 {[%emt 0:03:29]} 13. axb3 {[%emt 0:00:03]} dxe4 {[%emt 0:00:09]} 14. Nxe4 {[%emt 0:00:06]} Bb4 {[%emt 0:02:15]} 15. Bd2 {[%emt 0:07:26]} Bxd2 {[%emt 0:00:27]} 16. Nxd2 {[%emt 0:00:03]} O-O-O {[%emt 0:09:02]} 17. Rxa7 {[%emt 0:03:06]} Nb6 {[%emt 0:12:14]} 18. Ra5 {[%emt 0:07:15]} Bg4 {[%emt 0:03:44]} 19. Nc4 {[%emt 0:06:38]} Kc7 {[%emt 0:00:20]} 20. Ne5 {[%emt 0:19:52]} Be6 {[%emt 0:00:51]} 21. Ra7 {[%emt 0:03:08]} Nc8 {[%emt 0:00:44]} 22. Ra4 {[%emt 0:00:38]} Bxb3 {[%emt 0:02:59]} 23. Rb4 {[%emt 0:00:00]} Be6 {[%emt 0:00:26]} 24. Rc1 {[%emt 0:00:03]} Ne7 {[%emt 0:01:32]} 25. Nd3 {[%emt 0:02:05]} Nd5 {[%emt 0:02:39]} 26. Rbc4 {[%emt 0:00:30]} f6 {[%emt 0:01:13]} 27. Nc5 {[%emt 0:00:57]} Rhe8 {[%emt 0:03:07]} 28. Nxe6+ {[%emt 0:01:21]} Rxe6 {[%emt 0:00:08]} 29. Rc5 {[%emt 0:00:49]} Red6 {[%emt 0:00:23]} 30. Re1 {[%emt 0:00:45]} Nb6 {[%emt 0:01:05]} 31. Bh3 {[%emt 0:00:52]} Rxd4 {[%emt 0:00:48]} 32. Rcc1 {[%emt 0:01:56]} Nd5 {[%emt 0:00:48]} 33. Re2 {[%emt 0:01:02]} g6 {[%emt 0:01:07]} 34. Bg2 {[%emt 0:00:42]} Nb4 {[%emt 0:00:13]} 35. Bf3 {[%emt 0:00:49]} R8d7 {[%emt 0:02:07]} 36. Rc3 {[%emt 0:01:30]} Nd3 {[%emt 0:01:39]} 37. Be4 {[%emt 0:00:18]} Nxb2 {[%emt 0:04:32]} 38. Bxc6 {[%emt 0:00:40]} Nd1 {[%emt 0:00:07]} 39. Bxd7+ {[%emt 0:00:18]} Nxc3 {[%emt 0:00:08]} 40. Rc2 {[%emt 0:00:03]} Kxd7 {[%emt 0:01:33]} 41. Rxc3 {[%emt 0:30:01]} b5 {[%emt 0:30:11]} 42. Kf1 {[%emt 0:00:47]} b4 {[%emt 0:00:29]} 43. Rc5 {[%emt 0:00:00]} Kd6 {[%emt 0:00:00]} 44. Rc8 {[%emt 0:00:00]} Re4 {[%emt 0:00:00]} 45. h4 {[%emt 0:00:00]} Kd5 {[%emt 0:00:00]} 46. Rc7 {[%emt 0:00:00]} h5 {[%emt 0:00:00]} 47. Rb7 {[%emt 0:00:00]} Kc4 {[%emt 0:00:00]} 48. Rb6 {[%emt 0:00:00]} b3 {[%emt 0:00:00]} 49. Rc6+ {[%emt 0:00:00]} Kd3 {[%emt 0:00:00]} 50. Rxf6 {[%emt 0:00:00]} b2 {[%emt 0:00:00]} 51. Rb6 {[%emt 0:00:00]} Kc3 {[%emt 0:00:00]} 52. Rxb2 {[%emt 0:00:00]} Kxb2 {[%emt 0:00:00]} 53. f3 {[%emt 0:00:00]} Re8 {[%emt 0:00:00]} 54. Kf2 {[%emt 0:00:00]} Kc3 {[%emt 0:00:00]} 55. g4 {[%emt 0:00:00]} Kd4 {[%emt 0:00:00]} 0-1

[Event "Czech Open GM 2020"]
[Site "Pardubice"]
[Date "2020.09.27"]
[Round "8.9"]
[White "Haba, Petr"]
[Black "Bulockin, Martin"]
[Result "1/2-1/2"]
[WhiteElo "2461"]
[BlackElo "2297"]
[Annotator "ChessBase"]
[PlyCount "54"]
[EventDate "2020.09.21"]
[EventCountry "CZE"]
[SourceTitle "playchess.com"]
[Source "ChessBase"]
[SourceQuality "1"]
[TimeControl "40/5400+30:1800+30"]

1. d4 {[%emt 0:00:00]} Nf6 {[%emt 0:00:00]} 2. c4 {[%emt 0:00:02]} e6 {[%emt 0:00:13]} 3. g3 {[%emt 0:00:22]} Bb4+ {[%emt 0:01:24]} 4. Nd2 {[%emt 0:01:30]} O-O {[%emt 0:03:29]} 5. Bg2 {[%emt 0:01:04]} d6 {[%emt 0:01:32]} 6. Ngf3 {[%emt 0:00:55]} Nbd7 {[%emt 0:01:40]} 7. O-O {[%emt 0:00:16]} Bxd2 {[%emt 0:01:40]} 8. Qxd2 {[%emt 0:02:13]} Ne4 {[%emt 0:01:52]} 9. Qc2 {[%emt 0:01:12]} f5 {[%emt 0:00:48]} 10. Ne1 {[%emt 0:04:20]} Ng5 {[%emt 0:11:45]} 11. b3 {[%emt 0:04:23]} Qf6 {[%emt 0:04:22]} 12. Nd3 {[%emt 0:07:32]} Rb8 {[%emt 0:07:02]} 13. c5 {[%emt 0:04:06]} Nf7 {[%emt 0:05:28]} 14. Rd1 {[%emt 0:11:13]} Qe7 {[%emt 0:06:21]} 15. a4 {[%emt 0:13:10]} Nf6 {[%emt 0:05:16]} 16. Ba3 {[%emt 0:04:39]} Rd8 {[%emt 0:05:03]} 17. cxd6 {[%emt 0:03:19]} cxd6 {[%emt 0:01:22]} 18. Ne5 {[%emt 0:00:44]} Ne8 {[%emt 0:01:27]} 19. Rac1 {[%emt 0:01:13]} Qf6 {[%emt 0:02:09]} 20. Nxf7 {[%emt 0:02:13]} Qxf7 {[%emt 0:00:45]} 21. Qd2 {[%emt 0:07:11]} d5 {[%emt 0:05:23]} 22. Rc2 {[%emt 0:03:09]} b6 {[%emt 0:02:42]} 23. Rdc1 {[%emt 0:00:46]} Ba6 {[%emt 0:01:18]} 24. Bf1 {[%emt 0:04:46]} h6 {[%emt 0:02:13]} 25. Qe3 {[%emt 0:03:28]} Qd7 {[%emt 0:01:42]} 26. Qd2 {[%emt 0:12:11]} Rbc8 {[%emt 0:08:22]} 27. Qb4 {[%emt 0:00:15]} Rxc2 {[%emt 0:05:34]} 1/2-1/2

[Event "Czech Open GM 2020"]
[Site "Pardubice"]
[Date "2020.09.27"]
[Round "8.10"]
[White "Parvanyan, Ashot"]
[Black "Krasteva, Beloslava"]
[Result "1/2-1/2"]
[WhiteElo "2458"]
[BlackElo "2296"]
[Annotator "ChessBase"]
[PlyCount "124"]
[EventDate "2020.09.21"]
[EventCountry "CZE"]
[SourceTitle "playchess.com"]
[Source "ChessBase"]
[SourceQuality "1"]
[TimeControl "40/5400+30:1800+30"]

1. e4 {[%emt 0:00:00]} c5 {[%emt 0:00:09]} 2. Nf3 {[%emt 0:00:00]} d6 {[%emt 0:00:16]} 3. d4 {[%emt 0:00:04]} cxd4 {[%emt 0:00:14]} 4. Nxd4 {[%emt 0:00:05]} Nf6 {[%emt 0:00:07]} 5. Nc3 {[%emt 0:00:04]} a6 {[%emt 0:00:04]} 6. Bd3 {[%emt 0:00:08]} e6 {[%emt 0:03:29]} 7. f4 {[%emt 0:00:43]} Be7 {[%emt 0:03:09]} 8. e5 {[%emt 0:14:27]} Nfd7 {[%emt 0:12:13]} 9. exd6 {[%emt 0:08:21]} Bxd6 {[%emt 0:00:38]} 10. Ne4 {[%emt 0:00:50]} Nc5 {[%emt 0:07:04]} 11. Nxd6+ {[%emt 0:02:39]} Qxd6 {[%emt 0:00:03]} 12. Be2 {[%emt 0:00:29]} O-O {[%emt 0:02:44]} 13. O-O {[%emt 0:02:59]} Rd8 {[%emt 0:03:15]} 14. Be3 {[%emt 0:10:26]} e5 {[%emt 0:13:01]} 15. Nb3 {[%emt 0:05:15]} Qc7 {[%emt 0:01:44]} 16. Qe1 {[%emt 0:00:59]} Nxb3 {[%emt 0:01:25]} 17. cxb3 {[%emt 0:00:33]} Nc6 {[%emt 0:01:59]} 18. Rc1 {[%emt 0:08:41]} exf4 {[%emt 0:07:33]} 19. Bxf4 {[%emt 0:00:19]} Qe7 {[%emt 0:00:15]} 20. Qf2 {[%emt 0:06:24]} Be6 {[%emt 0:02:10]} 21. Rc3 {[%emt 0:14:44]} Nd4 {[%emt 0:05:15]} 22. Bd1 {[%emt 0:00:20]} Rac8 {[%emt 0:04:03]} 23. Rxc8 {[%emt 0:07:34]} Bxc8 {[%emt 0:00:16]} 24. Be3 {[%emt 0:03:34]} Nf5 {[%emt 0:03:27]} 25. Bb6 {[%emt 0:01:20]} Re8 {[%emt 0:01:48]} 26. Bc2 {[%emt 0:01:28]} Nh6 {[%emt 0:06:23]} 27. h3 {[%emt 0:04:03]} f6 {[%emt 0:03:30]} 28. Bd3 {[%emt 0:01:13]} Bd7 {[%emt 0:04:03]} 29. Qc2 {[%emt 0:01:49]} f5 {[%emt 0:02:22]} 30. Qc7 {[%emt 0:03:03]} Bc6 {[%emt 0:01:52]} 31. Qf4 {[%emt 0:01:11]} Be4 {[%emt 0:02:08]} 32. Bc4+ {[%emt 0:01:41]} Kh8 {[%emt 0:00:33]} 33. Rd1 {[%emt 0:00:27]} Ng8 {[%emt 0:04:00]} 34. a4 {[%emt 0:00:33]} Nf6 {[%emt 0:01:17]} 35. a5 {[%emt 0:00:31]} h6 {[%emt 0:00:46]} 36. Qf2 {[%emt 0:00:28]} Nd7 {[%emt 0:01:44]} 37. Bd4 {[%emt 0:00:26]} Kh7 {[%emt 0:00:38]} 38. Bc3 {[%emt 0:00:26]} Ne5 {[%emt 0:00:32]} 39. Bf1 {[%emt 0:00:37]} Nc6 {[%emt 0:01:07]} 40. Qb6 {[%emt 0:00:32]} Rd8 {[%emt 0:01:28]} 41. Rxd8 {[%emt 0:02:02]} Nxd8 {[%emt 0:01:03]} 42. b4 {[%emt 0:03:12]} Ne6 {[%emt 0:05:24]} 43. Be5 {[%emt 0:05:20]} Nf8 {[%emt 0:06:38]} 44. Qd6 {[%emt 0:04:16]} Qe8 {[%emt 0:02:34]} 45. Qb8 {[%emt 0:11:07]} Qxb8 {[%emt 0:07:46]} 46. Bxb8 {[%emt 0:00:05]} Nd7 {[%emt 0:00:23]} 47. Bd6 {[%emt 0:01:12]} Bc6 {[%emt 0:00:09]} 48. Kf2 {[%emt 0:01:15]} Kg6 {[%emt 0:03:50]} 49. Ke3 {[%emt 0:00:31]} Kf6 {[%emt 0:00:30]} 50. Kd4 {[%emt 0:00:19]} Ke6 {[%emt 0:00:33]} 51. Bc7 {[%emt 0:01:21]} Ke7 {[%emt 0:01:17]} 52. g3 {[%emt 0:01:24]} Ke6 {[%emt 0:02:56]} 53. Bc4+ {[%emt 0:01:03]} Ke7 {[%emt 0:00:09]} 54. Ba2 {[%emt 0:02:55]} g6 {[%emt 0:02:54]} 55. Bf4 {[%emt 0:00:58]} g5 {[%emt 0:00:53]} 56. Bc7 {[%emt 0:00:21]} h5 {[%emt 0:01:11]} 57. h4 {[%emt 0:00:57]} gxh4 {[%emt 0:00:40]} 58. gxh4 {[%emt 0:00:03]} Nf8 {[%emt 0:00:12]} 59. Bg3 {[%emt 0:01:03]} Ng6 {[%emt 0:00:32]} 60. Bb1 {[%emt 0:00:34]} f4 {[%emt 0:00:37]} 61. Bf2 {[%emt 0:00:33]} Kf6 {[%emt 0:00:29]} 62. Bxg6 {[%emt 0:00:30]} Kxg6 {[%emt 0:00:07]} 1/2-1/2

[Event "Czech Open GM 2020"]
[Site "Pardubice"]
[Date "2020.09.27"]
[Round "8.11"]
[White "Storme, Isak"]
[Black "Lizak, Peter"]
[Result "1-0"]
[WhiteElo "2353"]
[BlackElo "2457"]
[Annotator "ChessBase"]
[PlyCount "89"]
[EventDate "2020.09.21"]
[EventCountry "CZE"]
[SourceTitle "playchess.com"]
[Source "ChessBase"]
[SourceQuality "1"]
[TimeControl "40/5400+30:1800+30"]

1. e4 {[%emt 0:00:00]} e6 {[%emt 0:03:48]} 2. d4 {[%emt 0:00:00]} d5 {[%emt 0:00:06]} 3. Nd2 {[%emt 0:00:00]} h6 {[%emt 0:05:01]} 4. c3 {[%emt 0:07:05]} c5 {[%emt 0:00:41]} 5. Ngf3 {[%emt 0:03:42]} Nf6 {[%emt 0:00:12]} 6. exd5 {[%emt 0:00:26]} exd5 {[%emt 0:00:20]} 7. Bb5+ {[%emt 0:02:46]} Nc6 {[%emt 0:16:21]} 8. O-O {[%emt 0:05:33]} Bd6 {[%emt 0:27:40]} 9. Re1+ {[%emt 0:09:53]} Be6 {[%emt 0:04:10]} 10. dxc5 {[%emt 0:01:59]} Bxc5 {[%emt 0:00:08]} 11. Nb3 {[%emt 0:00:40]} Bb6 {[%emt 0:00:20]} 12. Nfd4 {[%emt 0:03:37]} O-O {[%emt 0:01:43]} 13. Bxc6 {[%emt 0:07:07]} bxc6 {[%emt 0:00:10]} 14. Nxc6 {[%emt 0:01:08]} Qd6 {[%emt 0:06:27]} 15. Ne5 {[%emt 0:00:59]} Rfe8 {[%emt 0:10:38]} 16. Bf4 {[%emt 0:12:53]} g5 {[%emt 0:02:27]} 17. Bg3 {[%emt 0:01:13]} Qf8 {[%emt 0:00:52]} 18. Nd4 {[%emt 0:10:08]} Qg7 {[%emt 0:01:59]} 19. Nd3 {[%emt 0:06:12]} Bg4 {[%emt 0:05:29]} 20. f3 {[%emt 0:00:16]} Bd7 {[%emt 0:01:25]} 21. Kh1 {[%emt 0:00:52]} Rxe1+ {[%emt 0:02:57]} 22. Qxe1 {[%emt 0:00:31]} Re8 {[%emt 0:00:07]} 23. Qd2 {[%emt 0:00:43]} Nh5 {[%emt 0:01:33]} 24. Bf2 {[%emt 0:01:17]} g4 {[%emt 0:00:16]} 25. Nb4 {[%emt 0:06:59]} g3 {[%emt 0:03:25]} 26. hxg3 {[%emt 0:01:28]} Nxg3+ {[%emt 0:00:13]} 27. Bxg3 {[%emt 0:02:43]} Qxg3 {[%emt 0:00:03]} 28. Nxd5 {[%emt 0:01:00]} Qh4+ {[%emt 0:02:27]} 29. Kg1 {[%emt 0:00:06]} Bd8 {[%emt 0:01:42]} 30. Qf4 {[%emt 0:03:06]} Re1+ {[%emt 0:00:25]} 31. Rxe1 {[%emt 0:00:07]} Qxe1+ {[%emt 0:00:02]} 32. Kh2 {[%emt 0:00:13]} Bg5 {[%emt 0:00:09]} 33. Qg3 {[%emt 0:02:40]} Qxg3+ {[%emt 0:01:57]} 34. Kxg3 {[%emt 0:00:07]} Kf8 {[%emt 0:00:23]} 35. f4 {[%emt 0:00:36]} Bd8 {[%emt 0:00:06]} 36. c4 {[%emt 0:00:30]} Ke8 {[%emt 0:00:53]} 37. c5 {[%emt 0:00:30]} Be6 {[%emt 0:00:15]} 38. Nxe6 {[%emt 0:01:47]} fxe6 {[%emt 0:00:03]} 39. Nb4 {[%emt 0:00:50]} Kd7 {[%emt 0:00:06]} 40. Kf3 {[%emt 0:01:05]} a5 {[%emt 0:00:37]} 41. Nd3 {[%emt 0:30:11]} Kc6 {[%emt 0:30:04]} 42. Ke4 {[%emt 0:00:25]} Bf6 {[%emt 0:00:04]} 43. Ne5+ {[%emt 0:05:39]} Kb5 {[%emt 0:00:05]} 44. c6 {[%emt 0:00:44]} Bd8 {[%emt 0:00:05]} 45. g4 {[%emt 0:01:10]} 1-0

[Event "Czech Open GM 2020"]
[Site "Pardubice"]
[Date "2020.09.27"]
[Round "8.12"]
[White "Seger, Ruediger"]
[Black "Zwardon, Vojtech"]
[Result "0-1"]
[WhiteElo "2312"]
[BlackElo "2455"]
[Annotator "ChessBase"]
[PlyCount "61"]
[EventDate "2020.09.21"]
[EventCountry "CZE"]
[SourceTitle "playchess.com"]
[Source "ChessBase"]
[SourceQuality "1"]
[TimeControl "40/5400+30:1800+30"]

1. e4 {[%emt 0:00:00]} c5 {[%emt 0:01:17]} 2. c3 {[%emt 0:00:00]} Nf6 {[%emt 0:00:03]} 3. e5 {[%emt 0:00:00]} Nd5 {[%emt 0:00:03]} 4. d4 {[%emt 0:00:00]} cxd4 {[%emt 0:00:16]} 5. Nf3 {[%emt 0:00:01]} Nc6 {[%emt 0:00:00]} 6. cxd4 {[%emt 0:00:12]} d6 {[%emt 0:00:00]} 7. Bc4 {[%emt 0:00:14]} Be6 {[%emt 0:00:02]} 8. Qe2 {[%emt 0:16:49]} g6 {[%emt 0:01:26]} 9. O-O {[%emt 0:03:38]} Bg7 {[%emt 0:00:18]} 10. Rd1 {[%emt 0:12:20]} O-O {[%emt 0:02:34]} 11. exd6 {[%emt 0:14:15]} Qxd6 {[%emt 0:00:39]} 12. Nc3 {[%emt 0:00:13]} Rfd8 {[%emt 0:06:10]} 13. Bb3 {[%emt 0:09:49]} Qb4 {[%emt 0:07:27]} 14. Nxd5 {[%emt 0:11:16]} Bxd5 {[%emt 0:00:06]} 15. Bd2 {[%emt 0:00:11]} Qb6 {[%emt 0:01:22]} 16. Bxd5 {[%emt 0:00:07]} Rxd5 {[%emt 0:00:03]} 17. Bc3 {[%emt 0:00:06]} e6 {[%emt 0:00:24]} 18. Rd2 {[%emt 0:06:58]} Rad8 {[%emt 0:06:17]} 19. Rad1 {[%emt 0:00:13]} Bh6 {[%emt 0:02:40]} 20. Rc2 {[%emt 0:12:24]} e5 {[%emt 0:02:38]} 21. Be1 {[%emt 0:00:10]} Nxd4 {[%emt 0:05:51]} 22. Nxd4 {[%emt 0:00:13]} exd4 {[%emt 0:00:26]} 23. Qd3 {[%emt 0:00:24]} Qe6 {[%emt 0:00:46]} 24. Re2 {[%emt 0:00:33]} Qd6 {[%emt 0:02:46]} 25. g3 {[%emt 0:00:29]} Qd7 {[%emt 0:00:56]} 26. Bd2 {[%emt 0:01:48]} Bxd2 {[%emt 0:01:58]} 27. Rexd2 {[%emt 0:01:06]} Qg4 {[%emt 0:01:39]} 28. Kg2 {[%emt 0:00:34]} Rh5 {[%emt 0:00:07]} 29. f4 {[%emt 0:02:12]} Re8 {[%emt 0:00:03]} 30. Kg1 Rd8 {[%emt 0:00:02]} 31. Kg2 0-1

[Event "Czech Open GM 2020"]
[Site "Pardubice"]
[Date "2020.09.27"]
[Round "8.13"]
[White "Stalmach, Richard"]
[Black "Koziak, Vitali"]
[Result "1-0"]
[WhiteElo "2287"]
[BlackElo "2434"]
[Annotator "ChessBase"]
[PlyCount "81"]
[EventDate "2020.09.21"]
[EventCountry "CZE"]
[SourceTitle "playchess.com"]
[Source "ChessBase"]
[SourceQuality "1"]
[TimeControl "40/5400+30:1800+30"]

1. d4 {[%emt 0:00:00]} f5 {[%emt 0:00:00]} 2. Nf3 {[%emt 0:00:32]} Nf6 {[%emt 0:00:45]} 3. c4 {[%emt 0:00:13]} g6 {[%emt 0:04:41]} 4. g3 {[%emt 0:00:26]} Bg7 {[%emt 0:00:11]} 5. Bg2 {[%emt 0:00:10]} O-O {[%emt 0:00:06]} 6. O-O {[%emt 0:00:06]} d6 {[%emt 0:00:04]} 7. Nc3 {[%emt 0:00:10]} Qe8 {[%emt 0:03:21]} 8. d5 {[%emt 0:00:25]} Na6 {[%emt 0:01:12]} 9. Rb1 {[%emt 0:02:07]} Nc5 {[%emt 0:07:32]} 10. b4 {[%emt 0:01:00]} Nce4 {[%emt 0:00:31]} 11. Bb2 {[%emt 0:02:00]} e5 {[%emt 0:24:57]} 12. dxe6 {[%emt 0:03:08]} Bxe6 {[%emt 0:01:20]} 13. Nxe4 {[%emt 0:13:48]} fxe4 {[%emt 0:01:29]} 14. Nd2 {[%emt 0:01:10]} d5 {[%emt 0:15:48]} 15. cxd5 {[%emt 0:05:54]} Bxd5 {[%emt 0:01:23]} 16. Qc2 {[%emt 0:05:17]} Qc6 {[%emt 0:23:24]} 17. Qxc6 {[%emt 0:04:21]} bxc6 {[%emt 0:00:13]} 18. Bxf6 {[%emt 0:01:59]} Rxf6 {[%emt 0:02:18]} 19. Bxe4 {[%emt 0:04:15]} Bxa2 {[%emt 0:03:18]} 20. Rbc1 {[%emt 0:04:57]} Rd8 {[%emt 0:04:24]} 21. Rc2 {[%emt 0:09:50]} Bf7 {[%emt 0:00:12]} 22. Bd3 {[%emt 0:02:12]} Rb8 {[%emt 0:01:06]} 23. Ne4 {[%emt 0:00:41]} Re6 {[%emt 0:00:59]} 24. Ng5 {[%emt 0:04:58]} Rd6 {[%emt 0:00:09]} 25. Nxf7 {[%emt 0:01:28]} Kxf7 {[%emt 0:00:01]} 26. b5 {[%emt 0:00:01]} Ke7 {[%emt 0:02:12]} 27. bxc6 {[%emt 0:01:26]} a5 {[%emt 0:00:11]} 28. Rfc1 {[%emt 0:01:44]} a4 {[%emt 0:00:28]} 29. Ra2 {[%emt 0:01:16]} Ra8 {[%emt 0:00:48]} 30. Kg2 {[%emt 0:07:58]} a3 {[%emt 0:00:06]} 31. Rb1 {[%emt 0:00:06]} Rd5 {[%emt 0:00:41]} 32. f4 {[%emt 0:01:42]} Raa5 {[%emt 0:00:41]} 33. Be4 {[%emt 0:01:20]} Rd4 {[%emt 0:00:52]} 34. Bf3 {[%emt 0:00:28]} Rda4 {[%emt 0:00:36]} 35. e3 {[%emt 0:02:33]} Ra8 {[%emt 0:00:32]} 36. Rb7 {[%emt 0:04:27]} R8a7 {[%emt 0:00:03]} 37. Rb3 {[%emt 0:00:01]} Bb2 {[%emt 0:00:41]} 38. Rd3 {[%emt 0:00:02]} Kf6 {[%emt 0:01:06]} 39. Rd7 {[%emt 0:00:11]} h5 {[%emt 0:00:19]} 40. h4 {[%emt 0:02:18]} Rc4 {[%emt 0:00:27]} 41. Bd5 {[%emt 0:30:38]} 1-0